00834nam a2200157 a 450000100100000000500170001000800410002704000250006808200150009311000700010824502600017826000620043830000400050095201190054099900170065900002924420200930055424.0110414s1958 dr ac r 000 0 spa d aDO-SdBNPbspacBNPHU axxxbR426i1 aRepública DominicanabSecretaría de Estado de Finanzas93226410aInaguración del busto del generalísimo Dr. Rafael Leonidas Trujillo, benefactor de la patría y padre de la patría nueva restaurador de la independencia financiera de la república, erigido en los jardines de la Secretaría de Estado de Finanzas. aCiudad Trujillo, República Dominicana :b[s.n.],c1958. a22, [5] p. :bil., retrs. ;c23 cm. 001054708RVaPDbPDcHDd2011-04-14iLF2l0oxxx R426ip29244-10r2020-06-25w2020-06-25y4ZPréstamo en sala c28736d28736